000 00767nam a2200241 a 4500
999 _c11152
_d11152
001 11152
003 BD-JhCC
005 20190921080202.0
008 190603b 2014bg a|||| ||a| 000 0 ben d
020 _a9789849068983
035 _a(BD-JhCC)11152
040 _aBD-JhCC
_dBD-JhCC
041 _aben
082 _bPAR 2014
_a796.358
100 _aপারভেজ, সৈয়দ মাজহারুল
245 _aক্রিকেটের A টু Z /
_cসৈয়দ মাজহারুল পারভেজ ।
260 _aঢাকা:
_bগাজী প্রকাশনী;
_c২০১৪.
300 _a১৫৯ পৃঃ . :
_bill;
_c২০ সেমি.
650 _aCricket
650 _aGame
942 _2ddc
_cBK